Like A Prayer (Cd 925 844) (Record n. 99075)

Dettagli MARC
000 -LEADER
fixed length control field 01333njm a2200337Ia 4500
001 - CONTROL NUMBER
control field 77884
003 - CONTROL NUMBER IDENTIFIER
control field IT-RoPAU
005 - DATE AND TIME OF LATEST TRANSACTION
control field 20220918181112.0
008 - FIXED-LENGTH DATA ELEMENTS--GENERAL INFORMATION
fixed length control field 131025s9999 xx 000 0 und d
040 ## - CATALOGING SOURCE
Original cataloging agency IT-RoPAU
040 ## - CATALOGING SOURCE
Transcribing agency IT-RoPAU
041 ## - LANGUAGE CODE
Language code of text/sound track or separate title INGLESE
999 ## - SYSTEM CONTROL NUMBERS (KOHA)
Koha Dewey Subclass [OBSOLETE] n.d.
100 ## - MAIN ENTRY--PERSONAL NAME
Personal name Madonna (Ciccone)
9 (RLIN) 19899
100 ## - MAIN ENTRY--PERSONAL NAME
Relator term Autore musica
9 (RLIN) 25539
100 ## - MAIN ENTRY--PERSONAL NAME
Miscellaneous information Codice autore musica SPICS: 13281
9 (RLIN) 19901
245 ## - TITLE STATEMENT
Title Like A Prayer (Cd 925 844)
250 ## - EDITION STATEMENT
Edition statement 1a ed.
260 ## - PUBLICATION, DISTRIBUTION, ETC. (IMPRINT)
Place of publication, distribution, etc. NEW YORK
260 ## - PUBLICATION, DISTRIBUTION, ETC. (IMPRINT)
Name of publisher, distributor, etc. SIRE RECORS INC.
Date of publication, distribution, etc. 1989 [1a Ed.:1989 - Ed. Lingua Orig.: 1989]
300 ## - PHYSICAL DESCRIPTION
Extent COMPACT DISC
300 ## - PHYSICAL DESCRIPTION
Dimensions 54 minuti (Testo: 0 pag.)
500 ## - GENERAL NOTE
General note Musica rock. Video Madonna
505 ## - FORMATTED CONTENTS NOTE
Formatted contents note Like A Prayer - Till Death Do Us Part - Promise To Tray - Cherish - Dear Jessie - Oh Father - Spanish Eyes - Express Yourself (5:00) - Love Song (5:00) - Keep It Together (6:00)
650 ## - SUBJECT ADDED ENTRY--TOPICAL TERM
Topical term or geographic name as entry element ROCK [COMPACT DISC]
Relator term Codice MATERIA SPICS: 9949
9 (RLIN) 25540
700 ## - ADDED ENTRY--PERSONAL NAME
Personal name Leonard Patrick
Relator term Autore
Miscellaneous information Codice autore SPICS: 21695
9 (RLIN) 25541
700 ## - ADDED ENTRY--PERSONAL NAME
Personal name Bray Steve (Stephen)
Relator term Autore
Miscellaneous information Codice autore SPICS: 21696
Name of part/section of a work Express Yourself - Keep It Together
9 (RLIN) 25542
700 ## - ADDED ENTRY--PERSONAL NAME
Personal name Prince
Relator term Autore
Miscellaneous information Codice autore SPICS: 2331
Name of part/section of a work Love Song
9 (RLIN) 25543
700 ## - ADDED ENTRY--PERSONAL NAME
Personal name Madonna (Ciccone)
Miscellaneous information Codice interprete SPICS: 13281
Relator term Interprete
9 (RLIN) 25544
942 ## - ADDED ENTRY ELEMENTS (KOHA)
Koha item type CD AUDIO
Source of classification or shelving scheme Dewey Decimal Classification
Dati di copia
Withdrawn status Lost status Damaged status Not for loan Home library Current library Date acquired Total Checkouts Full call number Date last seen Price effective from Koha item type Public note
    Buone Condizioni Not For Loan SPICS-MEDIATECA SPICS-MEDIATECA 25/10/2013   77884 25/10/2013 25/10/2013 CD AUDIO Progr. Ins.: 18586 / N.Vol.: 1 / Copie: 1 - Copia rara: n.d. / date import: 01.01.2014 - By Epidotti, Trombetti, Vaglietti
CREDITS: SOCIETA' SAN PAOLO Via A.Severo, 58 - ROMA (RM) & PERIODICI SAN PAOLO SRL Via Giotto, 36 MILANO & CISF Via Giotto, 36 MILANO & EDIZIONI SAN PAOLO SRL,  Piazza Soncino, 5 CINISELLO BALSAMO (MI) -- ITALY